000 00638nab#a2200205#c#4500
999 _c53603
_d53603
003 IEF
005 20191210183156.0
008 950704s1975 uuu|| #####0 b| |u
040 _aIEF
_cES-MaIEF
100 1 _aRuiz Bravo de Mansilla, Gumersindo
_938829
245 _aValor - trabajo, precios y las evaluaciones objetivamente determinadas, de Leonidas V. Kantorovich
_c Gumersindo Ruiz
260 _c1975
500 _aBibliografía
650 4 _aMODELOS ECONOMETRICOS
_947776
650 4 _aPOLITICA ECONOMICA
_948066
773 0 _tHacienda pública española
_w34570
_g37, p. 169-179
942 _2udc
942 _2udc